Statistiques concernant Les prénoms des joueurs de foot

Cliquez ici pour prendre le quiz!

Statistiques générales

  • Ce quiz a été pris 463 fois
    (330 depuis la dernière actualisation)
  • Le résultat moyen est 21 sur 28

Statistiques - réponses

NomPrénomNationalité% Correct
MessiLionelArgentine
99%
RonaldoCristianoPortugal
95%
MbappeKylianFrance
94%
PogbaPaulFrance
94%
GiroudOlivierFrance
92%
HenryThierryFrance
90%
RamosSergioEspagne
89%
IbrahimovicZlatanSuède
89%
De bruyneKevinBelgique
88%
HazardEdenBelgique
87%
CantonaEricFrance
87%
HalandErlingNorvège
85%
KaneHarryAngleterre
84%
MaradonaDIegoArgentine
81%
HakimiAchrafMaroc
78%
MullerThomasAllemagne ( CM )
76%
AlbaJordiEspagne
75%
Junior da SantosNeymarBrésil
74%
RooneyWayneAngleterre
71%
RodriguezJamesColombie
66%
MahrezRiyadAlgérie
65%
SanchezAlexisChili
64%
DybalaPaoloArgentine
63%
MilitaoEderBrésil
62%
De JongFrenkiePays-bas
61%
OdegaardMartinDanemark
58%
Van persieRobinPays-bas
55%
ChevtchenkoAndriyUkraine
21%

Distribution des résultats

Percentile par nombre de réponses

% des personnes avec chaque résultat

Votre développement - résultats

Vous n’avez pas pris ce quiz depuis la dernière actualisation